| 000 | 01594nam a2200409 a 4500 | ||
|---|---|---|---|
| 001 | 69147 | ||
| 003 | BD-RjUL | ||
| 005 | 20211209081844.0 | ||
| 008 | 170410s2002 ne a ob 001 0 eng d | ||
| 020 | _a9780080493541 | ||
| 020 | _a0080493548 | ||
| 020 | _a0120176475 | ||
| 020 | _a9780120176472 | ||
| 035 | _a(BD-RjUL)69358 | ||
| 040 |
_aE7B _beng _cE7B _dOCLCQ _dN$T _dYDXCP _dBTCTA _dUBY _dOCLCQ _dSFB _dOCLCQ _dOPELS _dOCLCQ _dOPELS _dOCLCF _dOCLCQ _dBD-RjUL _epn |
||
| 041 | _aeng | ||
| 072 | 7 |
_aSCI _x027000 _2bisacsh |
|
| 082 | 0 | 4 |
_a575 _223 _bADV 2002 |
| 245 | 0 | 0 |
_aAdvances in genetics / _cJeffrey C. Hall...[et. all] |
| 260 |
_aAmsterdam : _bAcademic Press, _c2002. |
||
| 300 |
_avii, 154 p. : _bill. ; _c23 cm. |
||
| 490 | 1 |
_aAdvances in genetics ; _v47 |
|
| 504 | _aIncludes bibliographical references and index. | ||
| 505 | 0 | _aTargeted Expression of Tetanus Toxin: A New Tool to Study the Neurobiology of Behavior.<br>Germ-line Transformants Spreading Out to Many Insect Species.<br>Genes Mediating Sex-Specific Behaviors in Drosophila.<br>Evolutionary Analyses of Genes and Their Functional Implications.<br><br> | |
| 506 | 0 | _fNON_PRINT_LEGAL_DEPOSIT | |
| 540 | _aCOPYRIGHTED | ||
| 650 | 0 |
_aGenetics. _9204855 |
|
| 650 | 0 |
_aBiology. _9204856 |
|
| 650 | 7 |
_aSCIENCE _xLife Sciences _xEvolution. _2bisacsh _9204857 |
|
| 650 | 7 |
_aBiology. _2fast _9204856 |
|
| 650 | 7 |
_aGenetics. _2fast _9204855 |
|
| 655 | 4 |
_aElectronic books. _9129485 |
|
| 700 | 1 |
_aHall, Jeffrey C. _9204858 |
|
| 830 | 0 |
_aAdvances in genetics ; _v47. _9204868 |
|
| 942 |
_2ddc _cBK |
||
| 999 |
_c69147 _d69147 |
||